Nato Alphabet Quiz - Deutsch - Statistiken

Allgemein
  • Dieses Quiz wurde 246 mal gespielt
  • Das Durchschnittsergebnis liegt bei 22 aus 26
Antwortstatistiken
Frage Antwort % Korrekt
C CHARLIE
98%
A ALPHA
96%
D DELTA
95%
E ECHO
93%
F FOXTROT
91%
I INDIA
89%
K KILO
88%
L LIMA
88%
Q QUEBEC
88%
O OSCAR
86%
R ROMEO
86%
V VIKTOR
86%
W WHISKEY
86%
B BRAVO
84%
G GOLF
82%
N NOVEMBER
82%
S SIERRA
82%
U UNIFORM
82%
Y YANKEE
82%
M MIKE
80%
T TANGO
80%
Z ZULU
80%
H HOTEL
79%
J JULIETT
79%
P PAPA
79%
X XRAY
79%
Keine übereinstimmenden Quizze gefunden
Verteilung der Resultate
Anzahl Personen mit jedem Resultat
Perzentil nach korrekt beantworteten Fragen
Ihre Resultats-Entwicklung
Sie haben dieses Quiz noch nicht gespielt